| 000 | 00697nam a2200217Ii 4500 | ||
|---|---|---|---|
| 003 | JO-AjNU | ||
| 008 | 230605s9999||||xx |||||||||||||| ||und|| | ||
| 017 | _a2002/9/2260 | ||
| 040 |
_aJO-AjNU _bara _erda _cJO-AjNU |
||
| 041 | _aara | ||
| 050 | 1 | 4 | _aHM101 .Z8222 2002 |
| 100 | 3 |
_aالزعبي، انور, _eauthor _949124 |
|
| 245 | 0 | 0 | _aفي تحليل المفاهيم ج2 |
| 264 | 3 | 1 | _aعمان: وزارة الثقافة،2002 |
| 300 | _a126ص | ||
| 336 |
_atext _btxt _2rdacontent |
||
| 337 |
_aunmediated _bn _2rdamedia |
||
| 338 |
_avolume _bnc _2rdacarrier |
||
| 490 | 0 | _aكتاب الشهر ؛ 33 | |
| 650 | 4 |
_aالثقافة - الفكر الاجتماعي - الفلسفة _949125 |
|
| 999 |
_aA21557 _c25125 _d25125 |
||